01524dam a2200253 a 450000500170000000800350001702000150005204100080006709200220007510000270009724501280012425000120025226000770026430000210034150001990036265300250056165300210058665300830060765302870069065300700097794200120104799900150105995201960107420240412121051.0100825t2003||||cr f s sp spa d a9968917087 aspa c346.0134l10sCAM1 aCamacho, Rosalia93064 aAcercándonos a los instrumentos internacionales de protección de los derechos humanos de las mujeres /cRosalia Camacho a1a ed.  aSan José [C.R]: bInstituto Interamericano de Derechos Humanos;c2003. a102 p.c23x16 cm aCamacho, R. (2003). Acercándonos a los instrumentos internacionales de protección de los derechos humanos de las mujeres. (1a ed.). Costa Rica : Instituto Interamericano de Derechos Humanos. aDerechos de la mujer aDerechos humanos aConvención para prevenir, sancionar y erradicar la violencia contra la mujer aAnexo: Ratificaciones a la convención sobre la eliminación de todas las formas de discriminación contra la mujer. Ratificaciones a la convención para prevenir, sancionar y erradicar la violencia contra la mujer. Esquemas de los procedimietnos del protocolo facultatico CEDAW aMaterial de apoyo: Texto de los tres instrumentos internacionales 2ddccBK c2256d2256 00102ddc4070aBFMbBFMcCRd2016-05-06eDonación Dra. Ambort, Cristina. Mayo 2016l0o346.0134 10 CAMp3585r2016-05-06tEj.1w2016-05-06yBKzDonación Dra. Ambort, Cristina. Mayo 2016